Environmental change in the colombian subandean forest belt from 8 pollen records: the last 50 kyr (Registro nro. 12367)

Detalles MARC
000 -CABECERA
Campo de control 006870000a22002170004500
090 ## - CLASIFICACIÓN LOCAL
Colección AR
Consecutivo 03316
041 0# - IDIOMA
Código de idioma para texto/pista de sonido o título separado
100 1# - ASIENTO PRINCIPAL--NOMBRE PERSONAL
Nombre personal Wille, Michael
245 10 - MENCION DE TITULO
Título Environmental change in the colombian subandean forest belt from 8 pollen records: the last 50 kyr
650 14 - ASIENTO SECUNDARIO DE MATERIA - TERMINO TEMATICO
Término temático o nombre geográfico como elemento de entrada Palinología
650 14 - ASIENTO SECUNDARIO DE MATERIA - TERMINO TEMATICO
Término temático o nombre geográfico como elemento de entrada Cambio Climatico
650 14 - ASIENTO SECUNDARIO DE MATERIA - TERMINO TEMATICO
Término temático o nombre geográfico como elemento de entrada Bosques
650 14 - ASIENTO SECUNDARIO DE MATERIA - TERMINO TEMATICO
Término temático o nombre geográfico como elemento de entrada Quaternario
651 #4 - ASIENTO SECUNDARIO DE MATERIA - NOMBRE GEOGRAFICO
-- Colombia
700 1# - ASIENTO SECUNDARIO - NOMBRE PERSONAL
Nombre personal Hooghiemstra, Henry
700 1# - ASIENTO SECUNDARIO - NOMBRE PERSONAL
Nombre personal Behling, Hermann
700 1# - ASIENTO SECUNDARIO - NOMBRE PERSONAL
Nombre personal Borg ven der, Klaas
700 1# - ASIENTO SECUNDARIO - NOMBRE PERSONAL
Nombre personal Negret, Alvaro José
773 1# - Item fuente:
Título Veget. Hist Archaeobot
Especificación de materiales 32
Paginas del Articulo 61-77
Lugar, editorial y fecha de publicación 2001
Información sobre la relación 10
942 ## - ELEMENTOS ADICIONALES (KOHA)
Tipo de ítem Artículo
Existencias
Withdrawn status Lost status Damaged status No para préstamo Colección Ubicación Permanente Ubicación actual Fecha de adquisición Datos de publicación Seriada Total Checkouts Número topográfico Inventario / Código de Barras Date last seen Ejemplar Price effective from Forma de adquisición Tipo de material
      No para Préstamo Hemeroteca Bogotá Bogotá 27/02/2015 Fuera de circulación   AR 03316 013777 25/03/2015 1 25/03/2015   Artículo